000
00345nam a2200145Ia 4500
008
240624s9999 xx 000 0 und d
041
_a
eng
082
_a
658.848 SRI
100
_a
SRINIVASAN R
245
_a
INTERNATIONAL MARKETING
250
_a
(3rd ed.)
260
_c
2014
_a
New Delhi
_b
PHI Learning
300
_a
268 : p.
365
_c
RS
_b
31
999
_c
23927
_d
23927